| 000 | 00725nam a2200253Ia 4500 | ||
|---|---|---|---|
| 003 | OSt | ||
| 005 | 20221006154020.0 | ||
| 006 | a|||||r|||| 00| 0 | ||
| 007 | ta | ||
| 008 | 221006b |||||||| |||| 00| 0 eng d | ||
| 020 | _a0521755660 | ||
| 024 | _a34,184 | ||
| 037 | _cTextual | ||
| 040 |
_aEASL _cEASL _beng |
||
| 041 |
_2eng _aeng |
||
| 082 | _aAv41, K1.5;-2 | ||
| 100 | _aNeedham Joseph | ||
| 245 | 0 | _aScience and civilization in China | |
| 260 |
_aCambridge _bCambridge University Press _c2008 |
||
| 300 |
_axxviii,477p _ccm. |
||
| 490 | _vV5,Chemistry and Chemical technology. Pt II: Ferrous Metallurgy | ||
| 942 |
_hAv41, K1.5;-2 _cTEXL _2CC |
||
| 999 |
_c1102270 _d1102270 |
||